000 00437nam a22001697a 4500
005 20241025203417.0
008 241025b |||||||| |||| 00| 0 eng d
020 _a9780414055339
050 _aKD2435
_bU3
100 _aUff, John
245 _aConstruction Law
250 _aTwelfth Edition
260 _aLondon
_bSweet & Maxwell
_c2017
300 _aliii, 573 pages
_bIndex
_c21.5 cm
650 _2Law
_aConstruction
942 _2lcc
_cBK
_n0
999 _c234
_d234